Más allá del bien y del mal: preludio de una filosofía del futuro

保存先:
書誌詳細
フォーマット: 図書
言語:スペイン語
出版事項: Madrid Alianza 1997
シリーズ:Biblioteca de Autor, 0611
主題:
タグ: タグ追加
タグなし, このレコードへの初めてのタグを付けませんか!

MARC

LEADER 00000nam a2200000 a 4500
001 UCO8589
003 CL-VaPUC
008 001215e19970000SP |||||||||||||||||spa|d
082 0 4 |a 193  |b NIE  |2 21 
245 1 0 |a Más allá del bien y del mal: preludio de una filosofía del futuro 
300 |a 303 p 
942 |c BK 
945 |d 20001215 00:00:00  |a vberengu 
260 |a Madrid  |b Alianza  |c 1997 
650 0 |a Ética  |9 255099 
650 0 |a Filosofía alemana   |9 265002 
583 |a last modification  |c 20001215 00:00:00  |k Rodrigo Vera 
490 0 |a Biblioteca de Autor, 0611 
999 |c 293166  |d 293164 
952 |0 0  |1 0  |4 0  |6 193_000000000000000_NIE_1997  |7 0  |8 A  |9 344475  |a FDOPOS  |b FDOPOS  |d 2019-11-20  |i 3676617  |o 193 NIE 1997  |p 3676617  |r 2025-01-22  |w 2019-11-20  |y BK  |k MLA